| 000 | 00373nam a2200145Ia 4500 | ||
|---|---|---|---|
| 005 | 20250729165734.0 | ||
| 008 | 250729s2013 xx 000 0 und d | ||
| 041 | _aeng | ||
| 082 | _a530.25 KARS | ||
| 100 |
_aKarnataka Govt _9231825 |
||
| 245 | _aScience - 8th Std | ||
| 260 |
_aBangalore _bKarnataka Text Book Socity _c2013 |
||
| 300 | _a314p | ||
| 650 |
_aScience _9231826 |
||
| 999 |
_c239475 _d239475 |
||